| 000 | 00455nam a2200181Ia 4500 | ||
|---|---|---|---|
| 999 |
_c17045 _d17045 |
||
| 003 | 0100 | ||
| 005 | 20170428091125.0 | ||
| 008 | 130303s9999 xx 000 0 und d | ||
| 040 | _cARRUPELIB | ||
| 050 | _aDT962.Z551983 | ||
| 245 | _aZimbabwe, a country study | ||
| 260 |
_bUnited States Government _aWashington, DC _c1983 |
||
| 300 | _a360p. | ||
| 300 | _b22cm | ||
| 440 |
_aArea Handbook series _930024 |
||
| 650 |
_aZimbabwe _95792 |
||
| 700 |
_aby Harold D. Nelson , Nelson, Harold D _930025 |
||
| 942 |
_2lcc _cMONOGRAPH |
||